| 000 | 00504nam a2200181Ia 4500 | ||
|---|---|---|---|
| 003 | LK-CoDNM | ||
| 008 | 010623t1925 xxu||||| |||| 00| 1 sin d | ||
| 040 |
_aLK-CoDNM _dLK-CoDNM _eLK-CoDNM |
||
| 041 | _asin | ||
| 080 | _a104 E.13 | ||
| 100 |
_aEdirisooriya,P.N _eed. |
||
| 245 | _aටර්ේනිං කොලනියේ සඟරාව | ||
| 246 | _aThe Training Colony Magazine | ||
| 260 |
_bWesleyan Mission _aWellawatta _c1925 |
||
| 300 | _b26p., 21 cm | ||
| 650 | _aForign News | ||
| 942 | _cBK | ||
| 999 |
_c92929 _d92929 |
||